000
00242nam a2200109Ia 4500
008
190216s9999||||xx |||||||||||||| ||und||
100
_a
Null
245
0
_a
Garasthithi Boudikam
260
_b
Bhasha Institute
650
_a
Physics
942
_c
BK
999
_c
40310
_d
40310